Statistics for Diaspora-Sri Lanka

Click here to take the quiz!

General Stats

  • This quiz has been taken 131 times
  • The average score is 17 of 23

Answer Stats

Number of immigrantsContinentCountry% Correct
200.000AsiaIndia
100%
49.116North AmericaUnited States of America
96%
132.000EuropeUnited Kingdom
95%
109.853OceaniaAustralia
92%
139.415North AmericaCanada
89%
150.000EuropeFrance
89%
60.000EuropeGermany
88%
300.000AsiaUnited Arab Emirates
82%
11.274OceaniaNew Zealand
81%
109.968EuropeItaly
80%
20.000AsiaJapan
80%
600.000AsiaSaudi Arabia
79%
145.256AsiaQatar
77%
10.000EuropeSweden
74%
300.000AsiaKuwait
72%
30.000AsiaMalaysia
70%
13.772EuropeNorway
68%
20.000AsiaSouth Korea
68%
12.696Europethe Netherlands
68%
13.396EuropeDenmark
66%
55.000EuropeSwitzerland
54%
7.500AsiaIsrael
48%
100.000AsiaLebanon
32%

Score Distribution

Percentile by Number Answered

Percent of People with Each Score

Your Score History

You have not taken this quiz